[Event "Cheliabinsk Lozovatsky Memorial-A"]
[Site "Cheliabinsk"]
[Date "2023.01.29"]
[Round "3"]
[White "Korshunov, Sergey And"]
[Black "Kavyev, Ruslan"]
[Result "1-0"]
[WhiteElo "2150"]
[BlackElo "2337"]
[PlyCount "55"]
[EventDate "2023.01.27"]
[EventType "swiss"]
[EventRounds "10"]
[EventCountry "RUS"]
[SourceTitle "CBM 212 Extra"]
[Source "ChessBase"]
[SourceDate "2023.03.31"]
[SourceVersion "1"]
[SourceVersionDate "2023.03.31"]
[SourceQuality "1"]

1. e4 c5 2. Nf3 d6 3. d4 cxd4 4. Nxd4 Nf6 5. Nc3 a6 6. Be2 e5 7. Nb3 Be7 8. 0-0 0-0 9. Be3 Be6 10. Re1 h6 11. Bf3 b5 12. Nd5 Nxd5 13. exd5 Bf5 14. Rc1 Nd7 15. c4 bxc4 16. Rxc4 a5 17. Rc6 Qb8 18. Bc1 Nf6 19. Nd4 exd4 20. Rxe7 d3 21. g4 Bg6 22. Bf4 Qxb2 23. Bxd6 Qxa2 24. Be5 Nxd5 25. Rxg6 fxg6 26. Rxg7+ Kh8 27. Rxg6+ Kh7 28. Qxd3 1-0

[Event "Chigorin Memorial 28th"]
[Site "St Petersburg"]
[Date "2021.10.31"]
[Round "9"]
[White "Chernyak, Viktoria"]
[Black "Korshunov, Sergey And"]
[Result "1-0"]
[WhiteElo "2285"]
[BlackElo "2040"]
[PlyCount "41"]
[EventDate "2021.10.23"]
[EventType "swiss"]
[EventRounds "9"]
[EventCountry "RUS"]
[SourceTitle "EXT 2023"]
[Source "ChessBase"]
[SourceDate "2022.10.05"]
[SourceVersion "1"]
[SourceVersionDate "2022.10.05"]
[SourceQuality "1"]

1. c4 Nf6 2. Nc3 g6 3. g3 Bg7 4. Bg2 c5 5. e3 0-0 6. Nge2 d6 7. 0-0 Nbd7 8. b3 Rb8 9. d4 a6 10. a4 b6 11. Bb2 Bb7 12. d5 Ne8 13. Qd2 e5 14. e4 Bc8 15. Kh1 Rb7 16. Qd3 Bh6 17. Rad1 Ng7 18. Nc1 f5 19. f4 fxe4 20. Bxe4 exf4 21. gxf4 1-0

[Event "Chigorin Memorial 28th"]
[Site "St Petersburg"]
[Date "2021.10.25"]
[Round "3"]
[White "Vershinina, Anastasiia"]
[Black "Korshunov, Sergey And"]
[Result "1/2-1/2"]
[WhiteElo "1644"]
[BlackElo "2040"]
[PlyCount "114"]
[EventDate "2021.10.23"]
[EventType "swiss"]
[EventRounds "9"]
[EventCountry "RUS"]
[SourceTitle "EXT 2023"]
[Source "ChessBase"]
[SourceDate "2022.10.05"]
[SourceVersion "1"]
[SourceVersionDate "2022.10.05"]
[SourceQuality "1"]

1. d4 Nf6 2. c4 g6 3. Nc3 d5 4. Bg5 Ne4 5. Nxe4 dxe4 6. e3 Bg7 7. Qc2 h6 8. Bh4 g5 9. Bg3 c5 10. Ne2 Qa5+ 11. Qd2 Qxd2+ 12. Kxd2 Na6 13. a3 Bg4 14. Kc2 Bxe2 15. Bxe2 cxd4 16. exd4 Bxd4 17. Rad1 0-0-0 18. h4 f5 19. Rxd4 Rxd4 20. Be5 Rhd8 21. Bxd4 Rxd4 22. hxg5 hxg5 23. Rh5 Kd7 24. Kc3 Rd6 25. Rxg5 Ke6 26. Rg6+ Ke5 27. Rxd6 exd6 28. g3 Nc5 29. b4 Ne6 30. f4+ exf3 31. Bxf3 b6 32. Kd3 Ng5 33. Bg2 Nh7 34. Bf3 Nf6 35. Ke3 Ne8 36. Bc6 Nc7 37. Bf3 Ne6 38. Kd3 Nc7 39. Ke3 a5 40. bxa5 bxa5 41. Be2 Ne6 42. Bd1 Nc5 43. Bf3 Na4 44. Bd1 Nb6 45. Be2 Nd7 46. Bd1 Nb6 47. Be2 Nc8 48. Bf3 Ne7 49. Bb7 Ng8 50. Bd5 Nh6 51. Bf3 Nf7 52. Bd5 Ng5 53. Bg2 Ne6 54. Bf3 Nc5 55. Bc6 Nb3 56. Ba4 Nd4 57. Bd1 Nc6 1/2-1/2

[Event "Tuapse op"]
[Site "Tuapse"]
[Date "2021.06.30"]
[Round "4"]
[White "Zhapova, Yana"]
[Black "Korshunov, Sergey And"]
[Result "1-0"]
[WhiteElo "2149"]
[BlackElo "1969"]
[PlyCount "103"]
[EventDate "2021.06.27"]
[EventType "swiss"]
[EventRounds "9"]
[EventCountry "RUS"]
[SourceTitle "CBM 203 Extra"]
[Source "ChessBase"]
[SourceDate "2021.09.30"]
[SourceVersion "1"]
[SourceVersionDate "2021.09.30"]
[SourceQuality "1"]

1. e4 e5 2. Nf3 Nf6 3. Nxe5 d6 4. Nf3 Nxe4 5. Nc3 Nxc3 6. dxc3 Be7 7. Be3 Nc6 8. Qd2 Be6 9. 0-0-0 Qd7 10. Kb1 0-0-0 11. Nd4 Nxd4 12. Qxd4 c5 13. Qxg7 Rdg8 14. Qh6 Rg6 15. Qf4 Qc6 16. Bd3 Rg4 17. Qf3 Qxf3 18. gxf3 Rg7 19. Be4 h5 20. Bf4 Rd8 21. Bd5 b6 22. h4 Kd7 23. c4 Re8 24. a3 Reg8 25. Bg3 Re8 26. Rd2 Rd8 27. Rhd1 Kc7 28. c3 Bf5+ 29. Ka2 Bf8 30. b4 Be7 31. bxc5 bxc5 32. Rb2 Bc8 33. Rb5 Kd7 34. Be4 Ke8 35. Bc6+ Kf8 36. Rb8 f5 37. Bb7 Be6 38. Rxd8+ Bxd8 39. Bd5 Bc8 40. Bxd6+ Ke8 41. Re1+ Kd7 42. Bxc5 a5 43. Be6+ Kc7 44. Bxc8 Kxc8 45. Re8 Kd7 46. Rh8 Bxh4 47. Rxh5 Bd8 48. Rxf5 a4 49. Rd5+ Kc7 50. Be3 Kc8 51. Rb5 Rg6 52. Rb4 1-0

[Event "Tuapse op"]
[Site "Tuapse"]
[Date "2021.06.28"]
[Round "2"]
[White "Pshmahov, Osman"]
[Black "Korshunov, Sergey And"]
[Result "0-1"]
[WhiteElo "2226"]
[BlackElo "1969"]
[PlyCount "72"]
[EventDate "2021.06.27"]
[EventType "swiss"]
[EventRounds "9"]
[EventCountry "RUS"]
[SourceTitle "CBM 203 Extra"]
[Source "ChessBase"]
[SourceDate "2021.09.30"]
[SourceVersion "1"]
[SourceVersionDate "2021.09.30"]
[SourceQuality "1"]

1. d4 Nf6 2. c4 g6 3. Nc3 d5 4. cxd5 Nxd5 5. e4 Nxc3 6. bxc3 Bg7 7. Nf3 0-0 8. h3 c5 9. Be2 b6 10. Be3 Bb7 11. Qc2 cxd4 12. cxd4 Qc8 13. Qb1 Bxe4 14. Qb3 e6 15. Rc1 Qb7 16. 0-0 Nc6 17. Qa4 Rad8 18. Rfd1 h6 19. Ba6 Qa8 20. Ne1 Ne7 21. Rc7 Bc6 22. Qc2 Rd7 23. Rxd7 Bxd7 24. Qc7 Rd8 25. Nd3 Nd5 26. Qc1 Nxe3 27. fxe3 Ba4 28. Rf1 Qe4 29. Nf4 e5 30. dxe5 Bxe5 31. Be2 Qc2 32. Qe1 Rd2 33. Qf2 Be8 34. Re1 Bxf4 35. exf4 Bb5 36. Kf1 Rxe2 0-1

[Event "Moscow op-A 17th"]
[Site "Moscow"]
[Date "2021.02.22"]
[Round "3"]
[White "Korshunov, Sergey And"]
[Black "Polukhin, Alexander"]
[Result "1-0"]
[WhiteElo "1847"]
[BlackElo "2105"]
[PlyCount "99"]
[EventDate "2021.02.20"]
[EventType "swiss"]
[EventRounds "9"]
[EventCountry "RUS"]
[SourceTitle "CBM 200 Extra"]
[Source "ChessBase"]
[SourceDate "2021.03.31"]
[SourceVersion "1"]
[SourceVersionDate "2021.03.31"]
[SourceQuality "1"]

1. e4 c5 2. Nf3 Nc6 3. d4 cxd4 4. Nxd4 g6 5. c4 Bg7 6. Be3 Nf6 7. Nc3 0-0 8. Be2 d6 9. 0-0 Bd7 10. Qd2 Nxd4 11. Bxd4 Bc6 12. f3 a5 13. Be3 Nd7 14. Rac1 Nc5 15. Rfd1 Be5 16. Bf1 Qb6 17. Qf2 Rac8 18. b3 Qb4 19. Qd2 Rfe8 20. Nd5 Qa3 21. Rc2 e6 22. Nc3 Qb4 23. Ne2 Qa3 24. Bd4 Na6 25. Bxe5 dxe5 26. Qd6 Qxd6 27. Rxd6 Red8 28. Rcd2 Rxd6 29. Rxd6 Kf8 30. Nc3 Ke7 31. Rd2 f5 32. exf5 exf5 33. Nd5+ Ke6 34. Nb6 Re8 35. a3 e4 36. Kf2 Ke5 37. Nd7+ Bxd7 38. Rxd7 Nc5 39. Rd5+ Kf4 40. g3+ Kg5 41. f4+ Kf6 42. Rxc5 Rd8 43. Rd5 Rc8 44. Ke3 a4 45. b4 Ke6 46. Re5+ Kf6 47. Be2 h6 48. Rc5 Rg8 49. Rb5 Rg7 50. Rb6+ 1-0

[Event "Moscow op-A 17th"]
[Site "Moscow"]
[Date "2021.02.21"]
[Round "2"]
[White "Yurasov, Matfey"]
[Black "Korshunov, Sergey And"]
[Result "0-1"]
[WhiteElo "1402"]
[BlackElo "1847"]
[PlyCount "48"]
[EventDate "2021.02.20"]
[EventType "swiss"]
[EventRounds "9"]
[EventCountry "RUS"]
[SourceTitle "CBM 200 Extra"]
[Source "ChessBase"]
[SourceDate "2021.03.31"]
[SourceVersion "1"]
[SourceVersionDate "2021.03.31"]
[SourceQuality "1"]

1. d4 Nf6 2. Nf3 g6 3. Nc3 d5 4. Bf4 Bg7 5. e3 0-0 6. Be2 b6 7. h4 Ba6 8. Ne5 e6 9. g4 c5 10. h5 Bxe2 11. Qxe2 Nfd7 12. hxg6 fxg6 13. g5 cxd4 14. Nxd7 Nxd7 15. Nb5 e5 16. Bg3 a6 17. Na3 Qxg5 18. exd4 Rae8 19. Qxa6 exd4+ 20. Kd1 Bh6 21. Rxh6 Qxh6 22. Qf1 Qh5+ 23. Kd2 Qg5+ 24. Kd3 Re3+ 0-1